Statistics for All Anime Police Members

Click here to take the quiz!

General Stats

  • This quiz has been taken 10 times
  • The average score is 39 of 54

Answer Stats

RolesMember% Correct
DispatcherAndrew7s
100%
Attack Dog HandlerDanielsaur
100%
Second-in-CommandFunky
100%
Bomb SquadJack Xiao Long
100%
Founder/Police ChiefLukeski
100%
Forensic ScientistMeta
100%
ParamedicOtto
100%
Head of SurveillanceSyKo
100%
Undercover CopTonio
100%
CriminologistEevee
88%
Propaganda DistributorFloop
88%
Bounty HunterGearmo
88%
Tech SupportJabsol
88%
K9 UnitMonzer
88%
Police SirenN*gga Toilet
88%
Search and RescuePixelFox
88%
Almighty BeingSatchD
88%
Head of SecuritySkiski
88%
Celebrity OfficerTheDudicus
88%
Traffic CopThoomas
88%
Marketing ExpertZAN
88%
Chopper PilotBryboner
75%
Prison GuardGavin
75%
Foreskin InspectorImJustJR
75%
JudgeMatty
75%
Head of Special EducationScrubby
75%
Psychic DetectiveShawn Mendes
75%
Victim AdvocateThimis
75%
AmbassadorTJ Henry Yoshi
75%
ExecutionerZakk
75%
Field OfficerAjoosh
63%
CoronerCalvin
63%
Life, the Universe and EverythingDunkey
63%
Private InvestigatorEthan,
63%
WardenFalafel
63%
Stealth OperativeJacuub
63%
Defense AttorneyKinx
63%
Cosmic EnforcerMarcus
63%
Dye TraderNabil
63%
Anti-Anime Awareness OfficerPunstress
63%
Security GuardTorres
63%
Musical TherapistFredBoat
50%
JanitorGorby
50%
Artificial IntelligenceLauchlan
50%
TreasurerPoké
50%
State ProsecutorSkully
50%
SheriffThe Klutz
50%
S.W.A.TThrash
50%
ReceptionistWiktor
50%
DetectiveWonka
50%
ChefBreakfast
38%
Narcotics AgentConnah
38%
ChauffeaurLilTweet
38%
Some Surveillance ThingRocky
38%

Score Distribution

Percentile by Number Answered

Percent of People with Each Score

Your Score History

You have not taken this quiz